Movies Quiz

Random Movies or Definition Quiz
Score 0/28 Timer 07:00
21 Plays Today
Question Answer % Correct
What form of film is 'Snow White and the Seven Dwarfs' (1937), 'WALL-E' (2008) or 'Toy Story' (1995)?Animation
90.2%
What is shouted (usually through a megaphone) during filming to indicate the start of the current take?Action
90%
What former 'Friends' star found success in motion pictures like 'Bruce Almighty', 'Marley & Me' or 'We're the Millers'?Aniston (Jennifer)
88.8%
What Harrison Ford film shares the name of the aircraft designed to carry the President of the United States?Air Force One
88.1%
What '70s sci-fi horror film is about a highly aggressive extraterrestrial creature that stalks and kills the crew of a spaceship?Alien
87.4%
What's the person responsible for the professional business dealings of an actor called?Agent
85.9%
What's the style of film that has its roots in Japanese comic books (known as manga)?Anime
83%
What's the person portraying a character in a dramatic or comic production called?Actor, Actress
81.4%
What's the process whereby an actor seeks a role by reading from the film script?Audition
80.9%
Who directed and starred in 'The Town' (2010) and 'Argo' (2012)?Affleck (Ben)
79.9%
What actress won an Oscar for her performance as Mary Poppins in 1964?Andrews (Julie)
79.8%
What director is known for his intellectual comedies like 'Annie Hall', 'Manhattan' or 'Midnight in Paris'?Allen (Woody)
79.7%
What's the character who is in conflict with the film's hero called?Antagonist
77.8%
What's the list of top-tier actors/actresses who are paid upwards of $20 million per feature film called?A-List
76.4%
Question Answer % Correct
What Oscar-winning film has Kevin Spacey playing an office worker who goes through a midlife crisis?American Beauty
73.4%
Who is known to be one of the greatest on-screen dancers having appeared in 31 musicals?Astaire (Fred)
69.7%
What comedian is best known for playing the character of Mr. Bean?Atkinson (Rowan)
68.8%
What's the attendance at a movie theater or cinema called?Audience
65.3%
What genre is about a protagonist who journeys to epic or distant places to accomplish something?Adventure
57.6%
What award winning British director is the brother of David, a famous broadcaster and naturalist known for The Life collection?Attenborough (Richard)
57.5%
What is the presentation of one art form through another medium? (e.g. Gone With the Wind)Adaptation
45.4%
Who won the Oscar for Best Supporting Actor in 2006's 'Little Miss Sunshine'?Arkin (Alan)
42.1%
What's the name given to the prestigious film awards presented each year by AMPAS?Academy Awards
41.8%
What's a multi-part or multi-segmented film with a collection of short stories linked together by a theme?Anthology Film
39.2%
What term means a serious, independent film aimed at a niche market rather than mass market audiences?Art Film
32.8%
What 1950 film is still the only film in Oscar history to receive four female acting nominations?All About Eve
32.8%
Who gained critical acclaim for his perfomance as Antonio Salieri in 'Amadeus' (1984)?Abraham (F. Murray)
29.4%
What's the pseudonym used by directors who refuse to put their name on a film and want to disassociate themselves?Alan Smithee
12.5%

You're not logged in!

Compare scores with friends on all Sporcle quizzes.
OR
Log In

Sporcle TV

Today on Sporcle TV


Watch our educational content, quiz creation guides, and fun videos on Sporcle TV.

Show Comments

Extras

Top Quizzes Today


Score Distribution

Paid Content

Your Account Isn't Verified!

In order to create a playlist on Sporcle, you need to verify the email address you used during registration. Go to your Sporcle Settings to finish the process.

Report this User

Report this user for behavior that violates our Community Guidelines.

Details: